El arte de ilustrar en México : 1920-1999 /
Tras un texto inicial sobre la tradición del grabado en el mundo y en México, el libro se estructura luego con ensayos sobre los grabadores mexicanos destacados en el período considerado, con nombres tan relevantes como Beloff, Erasto Cortés, Covarrubias, Gabriel Fernández Ledesma, Leopoldo Méndez,...
Salvato in:
| Autore principale: | |
|---|---|
| Altri autori: | |
| Natura: | Libro |
| Lingua: | spagnolo |
| Pubblicazione: |
México :
UNAM,
1999, c1999
|
| Soggetti: | |
| Tags: |
Nessun Tag, puoi essere il primo ad aggiungerne!!
|
MARC
| LEADER | 00000nam^a2200000^a^4500 | ||
|---|---|---|---|
| 001 | 000262577 | ||
| 005 | 20250526000000.0 | ||
| 009 | 20260310110546.965 | ||
| 020 | |a 968-36-7949-8 | ||
| 037 | |a Acervo ITESO - Biblioteca | ||
| 041 | |a ESP | ||
| 082 | |a 769. 97206 |b TOR | ||
| 100 | |a Torre Villar, Ernesto de la |e (autor) | ||
| 245 | 1 | 3 | |a El arte de ilustrar en México : |b 1920-1999 / |c E. de la Torre Villar ; presen. de F. Barnés de Castro. |
| 264 | 4 | |a México : |b UNAM, |c 1999, c1999 | |
| 300 | |a 1 caja (364 p., 14 láminas) ; |c 35.0 cm. | ||
| 336 | |a texto |b txt |2 rdacontenido | ||
| 337 | |a sin mediación |b n |2 rdamedio | ||
| 338 | |a volumen |b nc |2 rdasoporte | ||
| 520 | |a Tras un texto inicial sobre la tradición del grabado en el mundo y en México, el libro se estructura luego con ensayos sobre los grabadores mexicanos destacados en el período considerado, con nombres tan relevantes como Beloff, Erasto Cortés, Covarrubias, Gabriel Fernández Ledesma, Leopoldo Méndez, Montenegro, Rivera y Zalce, por citar algunos. | ||
| 649 | |a XX | ||
| 650 | |a Grabadores Mexicanos | ||
| 650 | |a Pintores Mexicanos | ||
| 650 | |a Artistas Mexicanos | ||
| 650 | |a Ilustración de Libros y Manuscritos - |z México - |x Historia - |y Siglo XX | ||
| 650 | |a Grabado - |z México - |x Historia - |y Siglo XX - |x Tema Principal | ||
| 650 | |a Grabado - |x Historia y Crítica | ||
| 650 | |a Pintura Mexicana - |y Siglo XX | ||
| 650 | |a Pintura Mexicana - |x Historia y Crítica | ||
| 650 | |a Arte Mexicano - |y Siglo XX | ||
| 650 | |a Arte Mexicano - |x Historia y Crítica | ||
| 700 | |a Barnés de Castro, Francisco |e (presentación) | ||
| 910 | |a Fondo General | ||
| 920 | |a Impresos - Libros | ||
| 930 | |a Libros Antiguos y Raros | ||
| 905 | |a 108 | ||
| 901 | |a 0500143434 |b IT2 |c LRA |u 20250526 | ||
| 901 | |a 0500143580 |b IT2 |c LRA |u 20250526 | ||
| 901 | |a 0500143583 |b IT2 |c LRA |u 20250526 | ||
| 901 | |a 0500143586 |b IT2 |c LRA |u 20250526 | ||
| 901 | |a 0500143589 |b IT2 |c LRA |u 20250526 | ||
| 901 | |a 0500143592 |b IT2 |c LRA |u 20250526 | ||
| 901 | |a 0500143595 |b IT2 |c LRA |u 20250526 | ||
| 901 | |a 0500143598 |b IT2 |c LRA |u 20250526 | ||
| 901 | |a 0500143601 |b IT2 |c LRA |u 20250526 | ||
| 901 | |a 0500143604 |b IT2 |c LRA |u 20250526 | ||
| 901 | |a 0500143607 |b IT2 |c LRA |u 20250526 | ||
| 901 | |a 0500143581 |b IT2 |c LRA |u 20250526 | ||
| 901 | |a 0500143584 |b IT2 |c LRA |u 20250526 | ||
| 901 | |a 0500143587 |b IT2 |c LRA |u 20250526 | ||
| 901 | |a 0500143590 |b IT2 |c LRA |u 20250526 | ||
| 902 | |a https://opac.biblio.iteso.mx/vufind/Record/000262577 | ||